[Event "Lueneburg op-A"]
[Site "Lueneburg"]
[Date "2019.08.08"]
[Round "6"]
[White "Nixdorf, Andre"]
[Black "Indinger, Alexander"]
[Result "1-0"]
[WhiteElo "1936"]
[BlackElo "1764"]
[PlyCount "91"]
[EventDate "2019.08.03"]
[EventType "swiss"]
[EventRounds "9"]
[EventCountry "GER"]
[SourceTitle "CBM 191 Extra"]
[Source "ChessBase"]
[SourceDate "2019.09.30"]
[SourceVersion "1"]
[SourceVersionDate "2019.09.30"]
[SourceQuality "1"]

1. d4 d5 2. Nf3 Nf6 3. c4 e6 4. Nc3 Be7 5. Bg5 Nbd7 6. e3 h6 7. Bh4 Ne4 8. Bxe7 Qxe7 9. Rc1 Nxc3 10. Rxc3 0-0 11. cxd5 exd5 12. Rxc7 Qd6 13. Qc2 Nb6 14. Rc3 Bd7 15. Bd3 Na4 16. Rb3 Rac8 17. Qd2 Nb6 18. 0-0 Rc7 19. Rc1 Rfc8 20. Rbc3 Na4 21. Rxc7 Rxc7 22. Rxc7 Qxc7 23. b3 Nb6 24. Qc2 Qxc2 25. Bxc2 f6 26. Kf1 Nc8 27. Ke2 Nd6 28. Nd2 Nb5 29. Nb1 Kf7 30. a4 Nd6 31. Nc3 Ke6 32. a5 b6 33. axb6 axb6 34. Bh7 Bc6 35. Bg8+ Nf7 36. f3 Ke7 37. h4 Kf8 38. Bh7 Nd6 39. Bd3 Ke7 40. e4 Ke6 41. Ke3 g5 42. g3 gxh4 43. gxh4 Nb7 44. exd5+ Bxd5 45. Nxd5 Kxd5 46. Be4+ 1-0

[Event "Hamburg St Pauli op-B"]
[Site "Hamburg"]
[Date "2011.07.15"]
[Round "8"]
[White "Winkelmann, Joerg"]
[Black "Indinger, Alexander"]
[Result "0-1"]
[WhiteElo "1482"]
[BlackElo "1833"]
[PlyCount "48"]
[EventDate "2011.07.09"]
[EventType "swiss"]
[EventRounds "9"]
[EventCountry "GER"]
[SourceTitle "CBM 143 Extra"]
[Source "ChessBase"]
[SourceDate "2011.08.29"]
[SourceVersion "1"]
[SourceVersionDate "2011.08.29"]
[SourceQuality "1"]

1. e4 c5 2. Nf3 d6 3. d4 cxd4 4. Qxd4 Nc6 5. Bb5 Bd7 6. Bxc6 Bxc6 7. Nc3 Nf6 8. Bg5 e5 9. Qd3 Be7 10. 0-0-0 Qb6 11. Be3 Qc7 12. h3 0-0 13. g4 Nxe4 14. Nxe4 d5 15. Nfd2 dxe4 16. Qe2 Rac8 17. Kb1 a6 18. g5 Bb5 19. Qg4 Qxc2+ 20. Ka1 Bd3 21. f4 Ba3 22. Rb1 Qc6 23. Rbc1 Qxc1+ 24. Rxc1 Rxc1+ 0-1

[Event "Hamburg St Pauli op-B"]
[Site "Hamburg"]
[Date "2011.07.13"]
[Round "6"]
[White "Weidmann, Kevin"]
[Black "Indinger, Alexander"]
[Result "1-0"]
[WhiteElo "1617"]
[BlackElo "1833"]
[PlyCount "103"]
[EventDate "2011.07.09"]
[EventType "swiss"]
[EventRounds "9"]
[EventCountry "GER"]
[SourceTitle "CBM 143 Extra"]
[Source "ChessBase"]
[SourceDate "2011.08.29"]
[SourceVersion "1"]
[SourceVersionDate "2011.08.29"]
[SourceQuality "1"]

1. e4 c5 2. Nf3 Nc6 3. d4 cxd4 4. Nxd4 Nf6 5. Nc3 e5 6. Ndb5 d6 7. Bg5 a6 8. Na3 b5 9. Nd5 Be7 10. Nxe7 Nxe7 11. Qd3 Bb7 12. Bxf6 gxf6 13. 0-0-0 d5 14. exd5 Bxd5 15. f3 Rc8 16. Qd2 Qb6 17. Qb4 Qc5 18. Qxc5 Rxc5 19. b3 0-0 20. Bd3 Ng6 21. Be4 Bxe4 22. fxe4 Rc6 23. g3 Rfc8 24. Rd5 Nf8 25. Rhd1 Ne6 26. Rd6 Nd4 27. Rxc6 Rxc6 28. Rd2 Rc3 29. Rd3 Rxd3 30. cxd3 Kg7 31. Nc2 Nxc2 32. Kxc2 b4 33. d4 exd4 34. Kd3 Kg6 35. Kxd4 Kg5 36. Kc5 Kg4 37. Kxb4 h5 38. Ka5 Kh3 39. Kxa6 Kxh2 40. b4 Kxg3 41. b5 h4 42. b6 h3 43. b7 h2 44. b8Q+ Kg2 45. Qb2+ Kg1 46. Qxf6 h1Q 47. Qa1+ Kg2 48. Qxh1+ Kxh1 49. Kb5 Kg2 50. Kc5 Kf3 51. Kd4 Kf4 52. a4 1-0